LEADER 02449nam 2200421 450 001 996218337103316 005 20231103231612.0 010 $a0-674-99312-8 035 $a(CKB)3820000000012368 035 $a(NjHacI)993820000000012368 035 $a(EXLCZ)993820000000012368 100 $a20231103d1934 uy 0 101 0 $aeng 135 $aur||||||||||| 181 $ctxt$2rdacontent 182 $cc$2rdamedia 183 $acr$2rdacarrier 200 00$aSelect Papyri$hVolume II, $iPublic Documents /$ftranslated by by A. S. Hunt and C. C. Edgar 210 1$aCambridge, MA :$cHarvard University Press,$d1934. 215 $a1 online resource (656 pages) 225 1 $aLoeb classical library ;$vLCL282 300 $aIncludes index. 330 $aThis volume presents papyri relating to public business of various kinds in Egypt from the middle of the 3rd century BCE to 710 CE, thus including affairs in that country first when it was ruled by the Greek Ptolemaic kings, secondly when it was a Roman province. The earliest examples date from the reign of King Ptolemy II Philadelphus and the latest from the government by the Arabs after their conquest of Egypt in 639-641 CE.The papyri chosen were all sent by persons in office (from king, Roman emperor, or governor downwards) or addressed to them or sent for their information: Codes and Regulations, 6 examples. Edicts and Orders, 26. Public Announcements, 6. Reports of Meetings, 3. Official Acts and Inquiries, 5. Judicial Business, 18. Petitions and Applications, 44. Declarations to Officials, 30. Appointments and Nominations, 7. Tenders and Contracts, 19. Receipts, 26. Orders for Payment, 6. Accounts and Registers or Lists, 12. Letters, 16. Notes on the systems of dating and of money in Egypt as well as a glossary of technical terms are provided.The three-volume Loeb Classical Library edition of Select Papyri also includes a volume of poetry and one of private documents. 410 0$aLoeb classical library ;$vLCL282. 517 $aSelect Papyri, Volume II 606 $aManuscripts, Greek (Papyri) 606 $aGreek literature$vTranslations into English 615 0$aManuscripts, Greek (Papyri) 615 0$aGreek literature 676 $a481.7 702 $aHunt$b A. S. 702 $aEdgar$b C. C. 801 0$bNjHacI 801 1$bNjHacl 906 $aBOOK 912 $a996218337103316 996 $aSelect papyri$980980 997 $aUNISA